00725nam a2200181 i 4500001000700000003000900007005001700016007000300033008004100036100003700077245014500114260004100259300002000300700005900320852002300379999001900402952012200421134583ES-MaACL20230906194714.0t|070912s1933 xxk ||||1| eng d1 aWicksteed, Philip Henry.911674314aThe common sense of political economy, and selected papers and reviews on economic theory / cedited with an introduction by Lionel Robbins. aLondon : bGeorge Routledge, c1933. a2 v. ; c22 cm.0 aRobbins, Lionel Charles c, Baron (d1898-1984)997789 aES-MaACLjA-3450-1 c134583d134583 00104070aATENEOMbATENEOMcSPP1d2008-01-17eSCl0oA-3450-1p1140083r2023-02-23 00:00:00w2023-02-23yMONOGRAFIA